| 000 | 00564nam a22001937a 4500 | ||
|---|---|---|---|
| 003 | KOHA_MİRAKIL | ||
| 005 | 20251003152401.0 | ||
| 008 | 251003b tu ||||| |||| 00| 0 tur d | ||
| 020 | _a9786256999701 | ||
| 040 |
_aTR-AnABB _btur _cTR-AnABB |
||
| 041 | _atur | ||
| 082 |
_a891.7344 _bAYT 2023 |
||
| 100 |
_aAytmatov, Cengiz, _d1928-2008 |
||
| 245 | 1 | 0 |
_aBulgar kızı Talas'ın kıyısında / _cCengiz Aytmatov |
| 260 |
_aİstanbul : _bKetebe Yayınları, _c2023 |
||
| 300 |
_a44 sayfa ; _c19 cm |
||
| 650 | 0 | 4 | _aTürk edebiyatı, roman |
| 942 |
_2ddc _cBK |
||
| 999 |
_c9079 _d9079 |
||
| 900 | _bGizem YORULMAZ | ||